Statistics for Euro 2020 Group B - Denmark - Finland

Click here to take the quiz!

General Stats

  • This quiz has been taken 52 times
  • The average score is 16 of 33

Answer Stats

Player% Correct
Teemu Pukki
98%
Christian Eriksen
90%
Kasper Schmeichel
88%
Lukáš Hrádecký
76%
Simon Kjær
76%
Yussuf Poulsen
76%
Andreas Christensen
66%
Pierre Højbjerg
59%
Thomas Delaney
59%
Martin Braithwaite
56%
Joakim Mæhle
54%
Joel Pohjanpalo ¹
54%
Daniel Wass
51%
Glen Kamara
49%
Mathias Jensen
46%
Jannik Vestergaard
41%
Tim Sparv
41%
Jere Uronen
37%
Jukka Raitala
37%
Andreas Cornelius
34%
Jonas Wind
34%
Joona Toivio
34%
Paulus Arajuuri
34%
Andreas Skov Olsen
32%
Jens Stryger Larsen
32%
Kasper Hjulmand
32%
Rasmus Schüller
32%
Robin Lod
29%
Marcus Forss
27%
Markku Kanerva
27%
Daniel O'Shaughnessy
24%
Joni Kauko
24%
Leo Väisänen
24%

Score Distribution

Percentile by Number Answered

Percent of People with Each Score

Your Score History

You have not taken this quiz